Overseas national programs of land resource survey and evaluation /

Enregistré dans:
Détails bibliographiques
Auteur principal: Burrough, P. A.
Collectivité auteur: Australia. Dept. of Environment, Housing and Community Development. Research Directorate
Format: Livre
Langue:English
Publié: Canberra : Australian Govt. Pub. Service, 1978.
Collection:Report (Commonwealth and State Government Collaborative Soil Conservation Study 1975-77) ; 6.
Sujets:
LEADER 01420nam a2200313 a 4500
001 c000182757
003 CARM
005 20050427152818.0
008 781215s1978 at d b f000 0 eng d
019 1 |a 1656465  |z 40710095  |z 41401095  |z 23841857  |z 23069946  |z 58040923  |z 66718936  |5 LACONCORD2021 
020 |a 0642030022 :  |c unpriced 
035 |a (OCoLC)29017867  |5 LACONCORD2021 
040 |a ANB  |b eng  |c ANB  |d ADAC 
042 |a anuc 
082 1 4 |a 333  |2 19 
100 1 |a Burrough, P. A. 
245 1 0 |a Overseas national programs of land resource survey and evaluation /  |c P.A. Burrough. 
260 |a Canberra :  |b Australian Govt. Pub. Service,  |c 1978. 
300 |a ix, 145 p. :  |b ill. ;  |c 25 cm. 
490 1 |a Report ;  |v 6 
500 |a At head of title: Research Directorate, Dept. of Environment, Housing and Community Development. 
500 |a Australian Government Publishing Service cat. no.772672x. 
504 |a Bibliography: p.121-143. 
650 0 |a Land research. 
710 1 |a Australia.  |b Dept. of Environment, Housing and Community Development.  |b Research Directorate. 
830 0 |a Report (Commonwealth and State Government Collaborative Soil Conservation Study 1975-77) ;  |v 6. 
852 8 |b CARM  |h A2:AL38G0  |i C06472  |p 0255026  |f BK 
999 f f |i 9442c9e1-292c-52ba-aed3-80c65a33b50a  |s df9ae42e-4f39-5c00-b986-fd6ddb18b867 
952 f f |p Can circulate  |a CAVAL  |b CAVAL  |c CAVAL  |d CARM 1 Store  |e C06472  |f A2:AL38G0  |h Other scheme  |i book  |m 0255026